| 000 | 00547nam a22001937a 4500 | ||
|---|---|---|---|
| 003 | BD-DhUL | ||
| 005 | 20170124145014.0 | ||
| 008 | 170124s2008 bg a|||| |||| 00| 0 eng d | ||
| 020 | _a453418043 | ||
| 040 |
_aBD-DhUL _cBD-DhUL |
||
| 082 |
_a352.230973 _bUNI |
||
| 245 | 1 | 0 |
_aUS Presidents : _bwith first ladies and deputies / _c Edited by Din M Rana |
| 250 | _a2nd | ||
| 260 |
_aDhaka : _bRIGS, _c2008 |
||
| 300 |
_a[10], 398 p. : _bill. ; _c22 cm |
||
| 650 | 0 |
_aPresident _x United States |
|
| 700 |
_aRana, Din M _eed |
||
| 942 |
_2ddc _cBK |
||
| 999 |
_c154212 _d154212 |
||